Apprendre p̉artager / (Notice n° 18841)

Détails MARC
000 -LEADER
fixed length control field 01834cam a2200505 i 4500
001 - CONTROL NUMBER
control field 0006590294
003 - CONTROL NUMBER IDENTIFIER
control field OSt
005 - DATE AND TIME OF LATEST TRANSACTION
control field 20260425120614.0
007 - PHYSICAL DESCRIPTION FIXED FIELD--GENERAL INFORMATION
fixed length control field ta
008 - FIXED-LENGTH DATA ELEMENTS--GENERAL INFORMATION
fixed length control field 210513s2021 onca j 000 1 fre
020 ## - INTERNATIONAL STANDARD BOOK NUMBER
International Standard Book Number 9781443189644
Qualifying information (broch)̌
024 3# - OTHER STANDARD IDENTIFIER
Standard number or code 9781443189644
040 ## - CATALOGING SOURCE
Original cataloging agency SDM
Language of cataloging fre
Description conventions rda
Modifying agency SQTD
-- QMBND
041 1# - LANGUAGE CODE
Language code of text/sound track or separate title fre
Language code of original eng
082 #5 - DEWEY DECIMAL CLASSIFICATION NUMBER
Classification number 818.6
Item number R971a
Edition number 23
082 #5 - DEWEY DECIMAL CLASSIFICATION NUMBER
Classification number ALB PEP
Item number R971a
Edition number 23
091 0# - MICROFILM SHELF LOCATION (AM) [OBSOLETE]
Microfilm shelf location RUS
100 1# - MAIN ENTRY--PERSONAL NAME
Personal name Rusu, Meredith
Relator term auteur
240 10 - UNIFORM TITLE
Uniform title <a href="Learning to share.">Learning to share.</a>
Language of a work Franȧis
245 10 - TITLE STATEMENT
Title Apprendre p̉artager /
Statement of responsibility, etc. adaptation de Meredith Rusu ; texte franȧis d'Isabelle Allard.
264 #1 - PRODUCTION, PUBLICATION, DISTRIBUTION, MANUFACTURE, AND COPYRIGHT NOTICE
Place of production, publication, distribution, manufacture Toronto (Ontario) :
Name of producer, publisher, distributor, manufacturer Scholastic,
Date of production, publication, distribution, manufacture, or copyright notice [2021]
300 ## - PHYSICAL DESCRIPTION
Extent 24 pages non numřotěs :
Other physical details illustrations en couleur ;
Dimensions 21 cm.
336 ## - CONTENT TYPE
Content type term texte
Content type code txt
Source rdacontent
337 ## - MEDIA TYPE
Media type term sans mďiation
Media type code n
Source rdamedia
338 ## - CARRIER TYPE
Carrier type term volume
Carrier type code nc
Source rdacarrier
490 1# - SERIES STATEMENT
Series statement Peppa Pig
500 ## - GENERAL NOTE
General note "Ce livre est bas šur la sřie tľv̌isě Peppa Pig. Peppa Pig est une crǎtion de Neville Astley et Mark Baker."
650 #7 - SUBJECT ADDED ENTRY--TOPICAL TERM
Topical term or geographic name as entry element Peppa (Personnage fictif)
Form subdivision Fiction
Source of heading or term vmj
650 #7 - SUBJECT ADDED ENTRY--TOPICAL TERM
Topical term or geographic name as entry element Famille
Form subdivision Fiction
Source of heading or term vmj
650 #7 - SUBJECT ADDED ENTRY--TOPICAL TERM
Topical term or geographic name as entry element Terrains de jeux
Form subdivision Fiction
Source of heading or term vmj
650 #7 - SUBJECT ADDED ENTRY--TOPICAL TERM
Topical term or geographic name as entry element Partage
Form subdivision Fiction
Source of heading or term vmj
650 #7 - SUBJECT ADDED ENTRY--TOPICAL TERM
Topical term or geographic name as entry element Amiti ěntre garȯns
Form subdivision Fiction
Source of heading or term vmj
650 #7 - SUBJECT ADDED ENTRY--TOPICAL TERM
Topical term or geographic name as entry element Porcs
Form subdivision Fiction
Source of heading or term vmj
650 #7 - SUBJECT ADDED ENTRY--TOPICAL TERM
Topical term or geographic name as entry element Lapins
Form subdivision Fiction
Source of heading or term vmj
655 #7 - INDEX TERM--GENRE/FORM
Genre/form data or focus term Livres d'images
Source of term rvmgf
655 #7 - INDEX TERM--GENRE/FORM
Genre/form data or focus term Adaptations de films, sřies tľv̌isěs, etc
Source of term rvmgf
655 #7 - INDEX TERM--GENRE/FORM
Genre/form data or focus term Adaptations
Source of term rvmgf
700 12 - ADDED ENTRY--PERSONAL NAME
Relationship information Traduction de (oeuvre):
Personal name Rusu, Meredith
Title of a work Learning to share.
700 1# - ADDED ENTRY--PERSONAL NAME
Personal name Astley, Neville
700 1# - ADDED ENTRY--PERSONAL NAME
Personal name Baker, Mark,
Dates associated with a name 1959-
700 1# - ADDED ENTRY--PERSONAL NAME
Personal name Allard, Isabelle
Relator term traducteur
830 #0 - SERIES ADDED ENTRY--UNIFORM TITLE
Uniform title Peppa Pig (Scholastic (Firme))
942 ## - ADDED ENTRY ELEMENTS (KOHA)
Source of classification or shelving scheme Dewey Decimal Classification
Koha item type Album jeunesse
Exemplaires
Withdrawn status Lost status Source of classification or shelving scheme Damaged status Not for loan Home library Current library Date acquired Total Checkouts Full call number Barcode Date last seen Price effective from Koha item type
    Dewey Decimal Classification     Bibliothèque municipale d'Henryville Bibliothèque municipale d'Henryville 2026-04-25   ALB PEP 30001030025086 2026-04-25 2026-04-25 Album jeunesse